000 00820nam a2200241Ia 4500
003 IN-BaIIA
008 211028s9999 xx s 000 0 eng d
020 _a978-2-7598-0074-2 (Online)
022 _a1633-4760 (Print)
022 _a1638-1963 (Online)
040 _cIIA Library
100 _aBusso, M., ed.
_923119
245 4 _aThe Third European Summer School on Experimental Nuclear Astrophysics
_h[eBook]
260 _aFrance
_bEDP Sciences
_c2007
300 _aviii, 193p.
490 _aEAS Publications Series
700 _aPizzone, R. G., ed.
_938168
700 _aRolfs, C., ed.
_938169
700 _aSpitaleri, C., ed.
_938170
700 _aTumino, A., ed.  
_938171
856 _uhttps://www.eas-journal.org/articles/eas/abs/2007/05/contents/contents.html
_yClick Here to Access eBook
942 _cEB
999 _c20621
_d20621